000 00750nam a2200229Ia 4500
003 GCL
008 140319s9999 xx 000 0 ara d
040 _aGCL /
_cGCL
082 0 4 _a185
_bج ا
100 1 _aجيرار جهامى
245 1 0 _aالاشكالية اللغوية فى الفلسفة العربية: دراسة تحليلية نقدية /
_cجيرار جهامى
300 _a264 ص
490 _aالمكتبة الفلسفية
_v0
650 0 4 _aالفلسفة الاسلامية
650 0 4 _aالفلاسفة المسلمون
650 0 4 _aالمنطق
650 0 4 _aارسطو
650 0 4 _aاللغة العربية - النحو
650 0 4 _aاللغات - فلسفة
650 0 4 _aالارسطية
942 _2ddc
_cBK
999 _c38821
_d38821